[Event "Orsay-D"]
[Site "Orsay"]
[Date "2009.02.19"]
[Round "5"]
[White "Cibiel, Fanny"]
[Black "Poilane, Anthony"]
[Result "0-1"]
[WhiteElo "1340"]
[BlackElo "1735"]
[PlyCount "92"]
[EventDate "2009.02.15"]
[EventType "tourn"]
[EventRounds "7"]
[EventCountry "FRA"]
[SourceTitle "CBM 129 Extra"]
[Source "ChessBase"]
[SourceDate "2009.05.05"]
[SourceVersion "2"]
[SourceVersionDate "2009.05.20"]
[SourceQuality "1"]

1. e4 c5 2. c3 Nc6 3. d4 cxd4 4. cxd4 d5 5. exd5 Qxd5 6. Nf3 Bg4 7. Be2 e6 8. Nc3 Qa5 9. 0-0 Nf6 10. Bd2 Qd8 11. Qa4 Qd7 12. Ne5 Nxe5 13. Qxd7+ Nexd7 14. Bxg4 Nxg4 15. Nb5 Kd8 16. Bf4 a6 17. Nd6 Bxd6 18. Bxd6 Nb6 19. Rac1 Nd5 20. Rc5 Rc8 21. Rfc1 Rxc5 22. Rxc5 Kd7 23. Bg3 Rc8 24. Rxc8 Kxc8 25. h3 Nh6 26. a3 Nf5 27. Bd6 Kd7 28. Bc5 b6 29. Bf8 Ke8 30. Bb4 Nxb4 31. axb4 Nxd4 32. Kf1 Kd7 33. Ke1 Kc6 34. Kd2 Kb5 35. Kc3 Nc6 36. Kb3 Nxb4 37. g4 Nd3 38. h4 Nxf2 39. g5 Ng4 40. Kc2 Kb4 41. b3 a5 42. h5 e5 43. g6 fxg6 44. hxg6 hxg6 45. Kb2 e4 46. Kc1 Kxb3 0-1